000 00743nam a22002417a 4500
005 20170124110017.0
010 _aA-852839
020 _c00.00
035 _aA-852839
037 _bCen Lib/Ret
040 _aDPL
_bEN
082 _a332
_bSRI
100 _aSrivastava, R.M.
_918910
245 _aBusiness finance :
_cby R.M. Srivastava, P.N. Reddy [and] H.R. Appanniah
_bfor bbm and bba students /
260 _aBombay
_bHimalaya Publishing House
_c1996
270 _aDr. bhalerao marg, girgaon
_bBombay
_e40004
300 _a396p.
_c21cm(Hb)
650 _aBusiness
_98513
650 _aFanancial system
_918911
700 _aReddy, P.N.
_913356
700 _aAppanniah, H.R.
_918912
942 _2ddc
_cEN
_h332
_mSRI
999 _c126937
_d126937